[Event "XIV Battle Of Senta"]
[Site "Senta SRB"]
[Date "2010.07.21"]
[Round "6"]
[White "Simantsev,M"]
[Black "Strebkovs,A"]
[Result "0-1"]
[WhiteElo "2539"]
[BlackElo "2325"]

1.d4 d5 2.c4 c6 3.Nc3 Nf6 4.Nf3 a6 5.c5 Nbd7 6.Bf4 g6 7.e3 Bg7 8.h3 O-O 9.Qc2 Ne8
10.Be2 Nc7 11.O-O Re8 12.Rad1 e5 13.dxe5 Nxe5 14.Nd4 Qe7 15.Na4 Ne6 16.Bg3 Nd7
17.Bd6 Nxd4 18.Rxd4 Qe6 19.Rd2 b5 20.Nc3 Nf6 21.Bf3 Ne4 22.Bxe4 dxe4 23.b3 a5
24.Rfd1 b4 25.Ne2 Ba6 26.Nd4 Qc8 27.Re1 Bd3 28.Qd1 Qa6 29.f3 a4 30.Rb2 exf3
31.Rd2 Bxd4 32.exd4 Be2 33.Qc1 axb3 34.axb3 Qa3 35.Qxa3 bxa3 36.gxf3 Bxf3
37.Rxe8+ Rxe8 38.Ra2 Ra8 39.Bf4 Bd5 40.Bc1 Bxb3 41.Rxa3 Rxa3 42.Bxa3 g5 43.Bc1 f6
44.h4 h6 45.Kf2 Kf7 46.d5 cxd5 47.hxg5 fxg5 48.Bb2 Kg6 49.Ke3 Kf5 50.Bg7 h5
51.Bf8 Kg4 52.Bd6 Kh3 53.Kf2 g4 54.Be5 Ba4  0-1

[Event "3rd Open"]
[Site "Paleochora GRE"]
[Date "2010.07.23"]
[Round "3"]
[White "Filip,L"]
[Black "Smits,S"]
[Result "1-0"]
[WhiteElo "2470"]
[BlackElo "2186"]

1.Nf3 Nf6 2.c4 c6 3.d4 d5 4.Nc3 a6 5.a4 e6 6.g3 dxc4 7.Bg2 c5 8.dxc5 Qxd1+
9.Nxd1 Bxc5 10.Ne5 Nd5 11.Ne3 Bxe3 12.Bxe3 Nc6 13.Nxc6 bxc6 14.Rc1 Bd7 15.Bd4 f6
16.e4 Nb4 17.Rxc4 a5 18.O-O e5 19.Bc5 Be6 20.Rc3 Kf7 21.f4 exf4 22.gxf4 Rhd8
23.f5 Bd7 24.Rd1 Be8 25.Rxd8 Rxd8 26.Bf1 g5 27.Bb6 Rd2 28.b3 Kg7 29.Rc5 Bf7
30.Rxc6 Rb2 31.Rd6 Rxb3 32.Bd8 Bc4 33.Bxf6+ Kf8 34.Bxc4  1-0

[Event "21st Czech GM Open"]
[Site "Pardubice CZE"]
[Date "2010.07.23"]
[Round "1"]
[White "Kutynec,V"]
[Black "Vidit,S"]
[Result "0-1"]
[WhiteElo "2257"]
[BlackElo "2492"]

1.Nf3 d5 2.d4 Nf6 3.c4 c6 4.Nc3 a6 5.a4 e6 6.e3 c5 7.Bd3 Nc6 8.O-O Be7 9.dxc5 dxc4
10.Bxc4 Bxc5 11.Qxd8+ Kxd8 12.e4 Ng4 13.Bf4 f6 14.Rad1+ Ke7 15.e5 Ncxe5 16.Nxe5 Nxe5
17.Bb3 Bd6 18.Rfe1 Rd8 19.Be3 Bc7 20.Bc5+ Kf7 21.Rxd8 Bxd8 22.Rd1 Be7 23.Bb6 Nd7
24.Bc7 Nf8 25.Ne4 Bd7 26.f4 Bc6 27.Nd6+ Bxd6 28.Bxd6 g6 29.g4 Rd8 30.f5 Bf3
31.Rf1 Bxg4 32.Bxf8 Kxf8 33.fxg6 hxg6 34.Rxf6+ Kg7 35.Rf4 Bf5 36.Rb4 Rd7
37.Kf1 Kf6 38.Ke2 g5 39.Bc4 Rh7 40.Kf3 Ke5 41.Bf1 Rxh2 42.Kg3 Rh4 43.Rxb7 Rg4+
44.Kf2 Rf4+ 45.Ke1 Rxa4 46.Ra7 a5 47.b4 Rxb4 48.Rxa5+ Kf4  0-1

[Event "Najdorf Mem Open A"]
[Site "Warsaw POL"]
[Date "2010.07.23"]
[Round "7"]
[White "Czerwonski,A"]
[Black "Vysochin,S"]
[Result "0-1"]
[WhiteElo "2379"]
[BlackElo "2562"]

1.d4 d5 2.c4 c6 3.Nf3 Nf6 4.Nc3 a6 5.c5 Nbd7 6.Bf4 Nh5 7.Bd2 g6 8.e4 dxe4
9.Nxe4 Ndf6 10.Nc3 Be6 11.Be2 Bg7 12.O-O O-O 13.Qc1 Nd5 14.Ng5 Qd7 15.Bxh5 gxh5
16.Nxe6 fxe6 17.Bh6 Rf5 18.Bxg7 Kxg7 19.Nxd5 Qxd5 20.Qe3 Rd8 21.Rae1 Rf6
22.b3 Kf7 23.Rd1 Rg8 24.f3 h4 25.Rf2 h3 26.g3 h5 27.Re1 Rd8 28.Qd3 Kg7 29.Qf1 Qxd4
30.Qxh3 Rxf3 31.Rf1 Rxf2 32.Rxf2 Rf8 33.Qf1 Qxc5 34.b4 Qxf2+ 35.Qxf2 Rxf2
36.Kxf2 Kf6 37.Ke3 Kf5 38.h3 b6 39.Kd4 e5+ 40.Ke3 c5 41.bxc5 bxc5 42.Kd3 e4+  0-1

[Event "3rd Open"]
[Site "Paleochora GRE"]
[Date "2010.07.26"]
[Round "6"]
[White "Rombaldoni,D"]
[Black "Volkov,Sergey1"]
[Result "1-0"]
[WhiteElo "2493"]
[BlackElo "2597"]

1.d4 d5 2.c4 c6 3.Nf3 Nf6 4.Nc3 a6 5.e3 b5 6.b3 Bg4 7.h3 Bxf3 8.Qxf3 e5 9.dxe5 Bb4
10.Bd2 Bxc3 11.Bxc3 Ne4 12.Bb4 bxc4 13.Qg4 c5 14.f3 Nc6 15.fxe4 Nxb4 16.Qxg7 Rf8
17.exd5 Qh4+ 18.Ke2 Qe4 19.Kf2 Nxd5 20.Qh6 Rc8 21.bxc4 Qf5+ 22.Kg1 Qxe5 23.Re1 Ne7
24.Be2 Rb8 25.Bf3 Ng6 26.h4 Rg8 27.h5 Qg3 28.Rf1 Ne5 29.Bc6+ Kd8 30.Qd6+ Kc8
31.Qxc5 Rb2 32.Be4+ Kb8 33.Qd6+ Kc8 34.Qxa6+ Kb8 35.Qa8+ Kc7 36.Qa7+ Kc8
37.Bf5+ Kd8 38.Rd1+ Ke8 39.Qa8+ Ke7 40.Qa3+ Kf6 41.Qxb2 Qxe3+ 42.Qf2 Qxf2+
43.Kxf2 Kxf5 44.Rd4 Ra8 45.Ra1 Ra3 46.Kg1 Kg5 47.c5 Kxh5 48.Rc1 Ra6 49.Rd5  1-0

[Event "15th Open"]
[Site "Balaguer ESP"]
[Date "2010.07.27"]
[Round "9"]
[White "Roeder,M"]
[Black "Burmakin,V"]
[Result "1/2-1/2"]
[WhiteElo "2392"]
[BlackElo "2605"]

1.d4 d5 2.Nf3 c6 3.c4 Nf6 4.Nc3 a6 5.a4 e6 6.g3 Nbd7 7.Bg2 a5 8.b3 Bb4 9.Bb2 b6
10.O-O Bb7 11.Nd2 O-O 12.e4 c5 13.exd5 cxd4 14.Nb5 exd5 15.Bxd4 Bc5 16.Bb2 Rb8  1/2-1/2

[Event "3rd Open"]
[Site "Paleochora GRE"]
[Date "2010.07.27"]
[Round "7"]
[White "Vuilleumier,A"]
[Black "Smits,S"]
[Result "1-0"]
[WhiteElo "2361"]
[BlackElo "2186"]

1.d4 d5 2.c4 c6 3.Nc3 Nf6 4.Nf3 a6 5.cxd5 cxd5 6.Bf4 Nc6 7.e3 Bf5 8.h3 e6
9.Nh4 Be4 10.Be2 Bd6 11.Bxd6 Qxd6 12.O-O g5 13.f3 Bg6 14.Nxg6 hxg6 15.f4 gxf4
16.Rxf4 Nh5 17.Bxh5 Rxh5 18.Qg4 Rf5 19.Rxf5 gxf5 20.Qg8+ Qf8 21.Qxf8+ Kxf8
22.Na4 f4 23.Kf2 Ke7 24.exf4 Nxd4 25.Rc1 b5 26.Nc5 Nf5 27.Nd3 Nd6 28.Rc7+ Kd8
29.Rc6 Ne4+ 30.Ke3 Ra7 31.Kd4 Ke7 32.b3 a5 33.a3 b4 34.a4 Kd7 35.Ne5+ Ke7
36.Rc8 Kf6 37.Nd3 Ke7 38.g4 Kd7 39.Rc2 Kd6 40.Ne5 f6 41.Rc6+ Ke7 42.Ng6+ Kd7
43.Rb6 Nd6 44.Rb8 Rc7 45.h4 Rc3 46.h5 Ne4 47.f5 exf5 48.gxf5 Ng3 49.Kxd5 Nxh5
50.Rb7+ Kc8 51.Ra7 Ng3 52.Ne7+ Kb8 53.Rxa5 Rxb3 54.Nc6+ Kc7 55.Ra7+ Kc8 56.Kc5 Rc3+
57.Kb6  1-0

[Event "21st Czech GM Open"]
[Site "Pardubice CZE"]
[Date "2010.07.27"]
[Round "5"]
[White "Mirzoeva,E"]
[Black "Kulovana,E"]
[Result "0-1"]
[WhiteElo "2246"]
[BlackElo "2362"]

1.d4 d5 2.Nf3 Nf6 3.c4 c6 4.Nc3 a6 5.a4 e6 6.Bg5 a5 7.e3 Be7 8.Bd3 Na6 9.O-O Nb4
10.Re1 b6 11.e4 Ba6 12.b3 O-O 13.e5 Nd7 14.Bxe7 Qxe7 15.Bf1 Rfc8 16.Rc1 Nf8
17.g3 h6 18.cxd5 exd5 19.Bxa6 Nxa6 20.Nd2 Ne6 21.Nf1 Qb4 22.Ne2 c5 23.dxc5 Naxc5
24.Ne3 Ng5 25.Nc3 d4 26.Ned5 Qxb3 27.Ne7+ Kf8 28.Nxc8 Rxc8 29.Qg4 Rd8 30.h4 Nd3
31.hxg5 Nxe1 32.gxh6 gxh6 33.Ne4 Qf3 34.Qxf3 Nxf3+ 35.Kg2 Nxe5 36.f4 Ng4
37.Rc6 f5 38.Nd2 Re8 39.Kf1 d3 40.Nc4 Re2 41.Rd6 Rc2 42.Ne5 Ne3+ 43.Kg1 d2
44.Rd8+ Ke7 45.Nc6+ Rxc6 46.Rxd2 Rc4 47.Re2 Re4  0-1

[Event "21st Czech GM Open"]
[Site "Pardubice CZE"]
[Date "2010.07.28"]
[Round "6"]
[White "Babula,V"]
[Black "Stips,F"]
[Result "1-0"]
[WhiteElo "2533"]
[BlackElo "2206"]

1.d4 d5 2.c4 c6 3.Nf3 Nf6 4.Nc3 a6 5.a4 e6 6.g3 dxc4 7.Bg2 c5 8.O-O Nc6 9.Ne5 Bd7
10.Nxd7 Qxd7 11.d5 exd5 12.Nxd5 Nxd5 13.Qxd5 Qxd5 14.Bxd5 Be7 15.Bxc4 O-O
16.Bf4 Bf6 17.Rfd1 Bxb2 18.Rab1 Bf6 19.Bd6 Rfd8 20.Rxb7 Nd4 21.Rxf7 Kh8 22.Rxf6 gxf6
23.Be7 Kg7 24.Bxd8 Rxd8 25.Kg2 Rb8 26.e3 Rb4 27.Bxa6 Rxa4 28.exd4 Rxa6 29.dxc5  1-0

[Event "Tch-POR 1st Div Final"]
[Site "Vila Nova de Gaia POR"]
[Date "2010.07.28"]
[Round "5.3"]
[White "Pereira,RiJC"]
[Black "Diogo,V"]
[Result "0-1"]
[WhiteElo "1960"]
[BlackElo "2293"]

1.d4 d5 2.Nf3 Nf6 3.c4 c6 4.Nc3 a6 5.cxd5 cxd5 6.Bf4 Nc6 7.e3 e6 8.Bd3 Be7
9.Rc1 O-O 10.O-O Nh5 11.Bg3 Nxg3 12.hxg3 f5 13.Qe2 g5 14.Ne5 Nxe5 15.dxe5 Bd7
16.g4 f4 17.Bb1 Rf7 18.exf4 gxf4 19.Nxd5 Bb5 20.Nxe7+ Rxe7 21.Qe4 Bxf1 22.Rxf1 Qd2
23.Bc2 Rc8 24.Bb3 Rc1 25.Rxc1 Qxc1+ 26.Kh2 Kf8 27.Qd4 Ke8 28.Qa4+ Kd8 29.Qd4+ Ke8
30.Qa4+ Kf7 31.Qe4 Qxb2 32.Qf5+ Ke8 33.Qxf4 Rf7 34.Qa4+ b5 35.Qxa6 Qxe5+
36.Kg1 Qe1+ 37.Kh2 Qe5+ 38.Kg1 Re7 39.Qa8+ Kf7 40.Qf3+ Kg7 41.Qc6 Rc7  0-1

[Event "ch-AUT"]
[Site "Vienna AUT"]
[Date "2010.07.29"]
[Round "6"]
[White "Schnegg,D"]
[Black "Wallner,J"]
[Result "0-1"]
[WhiteElo "2199"]
[BlackElo "2269"]

1.d4 d5 2.c4 c6 3.Nc3 Nf6 4.Nf3 a6 5.c5 g6 6.Bf4 Bg7 7.Qd2 O-O 8.Bh6 Nbd7
9.Bxg7 Kxg7 10.g3 b6 11.cxb6 Qxb6 12.Bg2 e5 13.dxe5 Ne4 14.Nxe4 dxe4 15.Ng5 e3
16.Qc3 exf2+ 17.Kf1 Rb8 18.Bxc6 Qxb2 19.Qxb2 Rxb2 20.e6 Nf6 21.exf7 h6 22.Nf3 Bh3+
23.Kxf2 Ng4+ 24.Ke1 Rxf7 25.Rd1 Ne3 26.Rc1 Rc7 27.Nd4 Rxa2 28.Rc3 Ra1+ 29.Kd2 Rxh1
30.Bxh1 Nf1+ 31.Kd3 Rxc3+ 32.Kxc3 Nxh2 33.Bb7 a5 34.Nb3 a4 35.Nc5 a3 36.Kb3 Nf1
37.Ne4 Bg2 38.g4 Bxe4  0-1

[Event "Tch-POR 1st Div Final"]
[Site "Vila Nova de Gaia POR"]
[Date "2010.07.30"]
[Round "7.7"]
[White "Pereira,RiJC"]
[Black "Vasconcellos,RF"]
[Result "1-0"]
[WhiteElo "1960"]
[BlackElo "2102"]

1.d4 d5 2.Nf3 Nf6 3.c4 c6 4.Nc3 a6 5.cxd5 cxd5 6.Bf4 e6 7.e3 Qb6 8.Qc2 Nc6
9.a3 Be7 10.Bd3 O-O 11.h3 h6 12.O-O Bd7 13.Na4 Qa7 14.b4 Rfc8 15.Qb3 b6 16.Rfc1 Nd8
17.Ne5 Bxa4 18.Qxa4 b5 19.Qb3 Nd7 20.Rc3 Nb6 21.Rac1 Nc4 22.Bb1 Bf6 23.Nxc4 dxc4
24.Qc2 Qd7 25.Qh7+ Kf8 26.Be5 Nb7 27.Bxf6 gxf6 28.Qxh6+ Ke7 29.Rd1 Rh8 30.Qf4 Rag8
31.e4 e5 32.Qe3 Rd8 33.d5 Nd6 34.f4 Rdg8 35.Rf1 Rg7 36.fxe5 fxe5 37.Rf2 Rhg8
38.Kf1 Rg5 39.Bc2 R8g6 40.Bd1 Rg3 41.Bf3 Rf6 42.Qc5 Ke8 43.Re3 Rf4 44.Bg4 Rgxg4
45.hxg4 Nxe4 46.Rxf4 Nxc5 47.Rxe5+ Ne6 48.dxe6 fxe6 49.Rfe4 Kf7 50.g5 Qd3+
51.Ke1 Qxa3 52.Rxe6 Qxb4+ 53.Ke2 Qb2+ 54.Kf3 Qa3+ 55.Kg4 Qc5 56.Kh5 c3 57.Kh6 Qf8+
58.Kh5 Qh8+ 59.Kg4 Qc8 60.g6+ Kg7 61.Kg5 Qd8+ 62.Re7+ Kg8 63.Kh6 Qf8+ 64.g7 Qf6+
65.Kh5 c2 66.Re8+ Kxg7 67.R4e7+ Qxe7 68.Rxe7+ Kf6 69.Rc7 b4 70.Rxc2 Ke5  1-0

[Event "111th US Open"]
[Site "Irvine USA"]
[Date "2010.07.31"]
[Round "2"]
[White "Sadorra,J"]
[Black "Safin,A"]
[Result "1-0"]
[WhiteElo "2473"]
[BlackElo "2153"]

1.d4 Nf6 2.c4 c6 3.Nc3 d5 4.Nf3 a6 5.Qb3 dxc4 6.Qxc4 Bf5 7.g3 e6 8.Bg2 b5
9.Qb3 Nbd7 10.Nh4 Qb6 11.Nxf5 exf5 12.O-O Bd6 13.Qc2 Rc8 14.e4 fxe4 15.Nxe4 Be7
16.Nxf6+ Nxf6 17.Re1 Qb7 18.Qe2 Nd5 19.Bd2 Rc7 20.Rac1 Rd7 21.Bxd5 cxd5 22.Bb4 O-O
23.Bxe7 Re8 24.Qf3 Rdxe7 25.Rxe7 Rxe7 26.Qxd5 g6 27.Qxb7 Rxb7 28.Rc6 Rd7
29.Rxa6 Rxd4 30.Ra5 b4 31.Ra4 Rd1+ 32.Kg2 b3 33.axb3 Rd2 34.h4 Rxb2 35.Rb4 h5
36.Kf3 Kg7 37.Ke3 Kf6 38.f3 Ke5 39.Rb5+ Ke6 40.Ke4 Re2+ 41.Kf4 f6 42.Rb6+ Kf7
43.Rb7+ Ke6 44.Rb6+ Kf7 45.Rc6 Rb2 46.Rc3 Re2 47.b4 Rb2 48.Rc4 Rb3 49.Ke4 Ke6
50.Rc6+ Ke7 51.Rb6 Kf7 52.b5 Kg7 53.Rb7+ Kh6 54.Rb8 Kg7 55.b6 Kh7 56.Kd5 Rxf3
57.Rf8 Rb3 58.Rxf6 Kg7 59.Rd6 Rxg3 60.b7 Rb3 61.Kc6 g5 62.hxg5 h4 63.Kc7 h3
64.b8=Q  1-0

[Event "ch-AUT"]
[Site "Vienna AUT"]
[Date "2010.08.01"]
[Round "9"]
[White "Kummer,Hel"]
[Black "Wallner,J"]
[Result "1/2-1/2"]
[WhiteElo "2351"]
[BlackElo "2269"]

1.d4 d5 2.c4 c6 3.Nf3 Nf6 4.Nc3 a6 5.a4 g6 6.Bg5 Bg7 7.e3 Ne4 8.Bh4 Nd7 9.Be2 O-O
10.O-O Ndf6 11.Qb3 dxc4 12.Bxc4 Nd6 13.Bd3 Be6 14.Qc2 Nf5 15.Bg3 Nxg3 16.hxg3 Qa5
17.b4 Qh5 18.Ne2 Bg4 19.Nf4 Qh6 20.Qc5 Rfe8 21.Ne5 g5 22.Ne2 Rad8 23.f3 Be6
24.Kf2 Bf8 25.Rh1 Qg7 26.g4 h6 27.Ng3 Nd7 28.Nxd7 Bxd7 29.Qc3 e5 30.dxe5 Qxe5
31.Qxe5 Rxe5 32.Rad1 Rd5 33.Be4 Rxd1 34.Rxd1 Be7 35.Bf5 Be6 36.Rxd8+ Bxd8
37.Ne4 b6 38.Bxe6 fxe6 39.Nd6 Kf8 40.Nc4 Bc7 41.Ke2 b5 42.axb5 cxb5 43.Na3 Bd6
44.Nc2 Ke7 45.Kd3 Kf6 46.Kc3 Ke7 47.Ne1 Kd7 48.Nd3 Kc6 49.f4 Kd5 50.g3 Ke4
51.Nc5+ Kxe3 52.fxg5 hxg5 53.Nxe6 Be7 54.Nc7 Kf3 55.Nxa6 Kxg3 56.Nc7 Kxg4
57.Nxb5 Kh3 58.Nd4 Bf6 59.b5 g4 60.b6 g3 61.b7 Bxd4+  1/2-1/2

[Event "111th US Open"]
[Site "Irvine USA"]
[Date "2010.08.04"]
[Round "?"]
[White "Taylor,T"]
[Black "Safin,A"]
[Result "1/2-1/2"]
[WhiteElo "2327"]
[BlackElo "2153"]

1.d4 d5 2.c4 c6 3.Nc3 Nf6 4.Nf3 a6 5.Ne5 dxc4 6.a4 e6 7.e3 c5 8.Bxc4 Nbd7
9.f4 Bd6 10.O-O Nb6 11.Ba2 O-O 12.Qf3 Nbd5 13.Kh1 Rb8 14.Bd2 Nb4 15.Bb3 b5
16.axb5 axb5 17.dxc5 Bxc5 18.Rad1 Qb6 19.e4 Bb7 20.f5 Bd4 21.Nxf7 Rxf7 22.fxe6 Re7
23.Nd5 Nbxd5 24.exd5 Rxe6 25.Bh6 Ree8 26.Qf4 Be5 27.d6+ Kh8 28.Bxg7+ Kxg7
29.Qg5+ Kh8 30.Rxf6 Rg8 31.Bxg8 Rxg8 32.Rf8 Rxf8 33.Qxe5+ Kg8 34.Qg5+ Kh8
35.d7 Qd8 36.Qe5+ Kg8 37.Qxb5 Qf6 38.Qb3+ Kh8 39.Qc3 Qxc3 40.bxc3 Rd8 41.Rd6 Be4
42.Kg1 Kg7 43.c4 Bf5 44.Kf2 Rxd7 45.Rxd7+ Bxd7 46.Ke3 Kf6 47.Kf4  1/2-1/2

[Event "Open"]
[Site "Minsk BLR"]
[Date "2010.08.09"]
[Round "6"]
[White "Bulanov,D"]
[Black "Stetsko,L"]
[Result "1-0"]
[WhiteElo "2379"]
[BlackElo "2132"]

1.d4 d5 2.c4 c6 3.Nc3 Nf6 4.Nf3 a6 5.cxd5 cxd5 6.Bf4 Nc6 7.e3 Bg4 8.Qb3 Na5
9.Qa4+ Bd7 10.Qc2 Rc8 11.Bd3 b5 12.Qe2 e6 13.O-O Be7 14.Ne5 O-O 15.Bg3 Bc6
16.Nxc6 Rxc6 17.Rad1 Nc4 18.Nb1 Qa5 19.b3 Na3 20.f3 Rfc8 21.Nxa3 Bxa3 22.e4 Qb4
23.Bf2 a5 24.Kh1 Rb8 25.Bg3 Rbc8 26.Bf2 a4 27.Be1 Qe7 28.e5 Nh5 29.f4 g6
30.Bxb5 Rc2 31.Rd2 axb3 32.axb3 Rc1 33.Bd3 Bb4 34.Rd1 Bxe1 35.Qxe1 Rxd1 36.Qxd1 Qb4
37.g4 Ng7 38.Be2 Qa3 39.Qd3 Qb2 40.Rb1 Rc1+ 41.Rxc1 Qxc1+ 42.Kg2 Qxf4 43.Qc3 h5
44.h3 hxg4 45.hxg4 Qg5 46.Kf2 f5 47.exf6 Qxf6+ 48.Ke1 Kf7 49.b4 e5 50.dxe5 Qh4+
51.Kd2 Ne6 52.b5 d4 53.Qf3+  1-0

[Event "Negroponte Open"]
[Site "Chalkis GRE"]
[Date "2010.08.11"]
[Round "3"]
[White "Rychagov,A"]
[Black "Kouvatsos,F"]
[Result "1-0"]
[WhiteElo "2538"]
[BlackElo "2144"]

1.d4 d5 2.c4 c6 3.Nf3 Nf6 4.Nc3 a6 5.c5 b6 6.cxb6 Nbd7 7.e3 e6 8.Bd3 Be7
9.O-O O-O 10.Bd2 c5 11.Na4 c4 12.Be2 Bb7 13.b3 cxb3 14.Qxb3 Ne4 15.Ba5 f5
16.Rac1 g5 17.Rc7 Rb8 18.Rfc1 g4 19.Ne5 Nxe5 20.dxe5 Bh4 21.g3 f4 22.exf4 Rxf4
23.Be1 Rf5 24.Bxg4 Rxe5 25.f4 Bf6 26.fxe5 Bxe5 27.Bxe6+ Kh8 28.Rxb7  1-0

[Event "9th Open"]
[Site "Istanbul TUR"]
[Date "2010.08.21"]
[Round "1"]
[White "Bagaturov,G"]
[Black "Ceceloglu,H"]
[Result "1-0"]
[WhiteElo "2447"]
[BlackElo "1844"]

1.d4 d5 2.Nf3 Nf6 3.c4 c6 4.Nc3 a6 5.c5 Bf5 6.Bf4 Nbd7 7.e3 Nh5 8.Bg5 h6
9.Bh4 g5 10.Bg3 Nxg3 11.hxg3 Bg7 12.Nd2 e5 13.Nb3 a5 14.Na4 Qe7 15.dxe5 Qxe5
16.Bd3 O-O 17.Bxf5 Qxf5 18.O-O Qe4 19.Nd4 Rfe8 20.Re1 Bxd4 21.exd4 Qxe1+
22.Qxe1 Rxe1+ 23.Rxe1 Kf8 24.Kf1 Re8 25.Rd1 Rb8 26.Rd3 b5 27.cxb6 Nxb6 28.Rb3 Nd7
29.Rxb8+ Nxb8 30.Nc5 Ke7 31.Nb7 a4 32.Nc5 Kd6 33.Ke2 Nd7 34.Nxa4 f5 35.Kd3 Nf6
36.Nc5 Kc7 37.a4 Kb6 38.b4 h5 39.f3 Ne8 40.Ne6 g4 41.Ke3 gxf3 42.gxf3 Nd6
43.Kf4 Kb7 44.Ke5 Nc4+ 45.Kxf5 Nd2 46.Kg5 Nxf3+ 47.Kxh5 Nd2 48.g4 Ne4 49.Nc5+  1-0

[Event "6th Geller Memorial Open A"]
[Site "Odessa UKR"]
[Date "2010.08.21"]
[Round "1"]
[White "Fiodorov,M"]
[Black "Boldysh,Maxim"]
[Result "1/2-1/2"]
[WhiteElo "2176"]
[BlackElo "1815"]

1.d4 d5 2.c4 c6 3.Nf3 Nf6 4.Nc3 a6 5.c5 g6 6.h3 Bg7 7.Bf4 O-O 8.e3 Nbd7 9.Be2 b6
10.cxb6 Qxb6 11.Qc2 c5 12.dxc5 Nxc5 13.O-O Bf5 14.Qd2 Rfd8 15.Be5 Nfe4 16.Qd4 f6
17.Bh2 e5 18.Nxd5 Qb7 19.Qb4 Rxd5 20.Qxb7 Nxb7 21.Bc4 Be6 22.Bxd5 Bxd5 23.Rfd1 Be6
24.Nd2 Nxd2 25.Rxd2 Rc8 26.f4 e4 27.Bg3 f5 28.Be1 Kf7 29.Rad1 Bf8 30.Rd7+ Bxd7
31.Rxd7+ Kg8 32.Rxb7 Bg7 33.Rb6 Rc1 34.Kf1 a5 35.a4 Ra1 36.Rb5 Rxa4 37.Bxa5 Bxb2
38.g4 Bc1 39.Bb6 fxg4 40.hxg4 Ba3 41.Bd4 Bd6 42.Rd5 Ra6 43.Be5 Bxe5 44.Rxe5 Ra4
45.Kg2 Kf7 46.Kg3 Kf6 47.g5+ Kg7 48.Kg4 h5+ 49.Kh4 Rc4 50.f5 gxf5 51.Kxh5 Rc3
52.Re7+ Kf8 53.Ra7 Rxe3 54.Kg6 Rb3  1/2-1/2

[Event "6th Prospero A Pichay Cup"]
[Site "Manila PHI"]
[Date "2010.08.25"]
[Round "7"]
[White "Olay,E"]
[Black "Tirto"]
[Result "1-0"]
[WhiteElo "2289"]
[BlackElo "2360"]

1.d4 Nf6 2.c4 c6 3.Nf3 d5 4.Nc3 a6 5.c5 Bf5 6.Bf4 Nbd7 7.e3 e6 8.Bd3 Be7
9.h3 Bxd3 10.Qxd3 O-O 11.O-O Re8 12.b4 Qc8 13.Bh2 Bd8 14.Ne5 Nxe5 15.dxe5 Nd7
16.e4 f6 17.f4 fxe5 18.fxe5 a5 19.a3 Bc7 20.Qd4 axb4 21.axb4 Rxa1 22.Rxa1 Kh8
23.Rf1 Qb8 24.Rf7 Bxe5 25.Bxe5 Nxe5 26.Rf1 Qc7 27.exd5 exd5 28.Ne2 Kg8 29.Nf4 g6
30.Rf2 Qg7 31.Qd1 Nf7 32.b5 Qc3 33.Qc2 Re1+ 34.Kh2 Qe5 35.Qb2 d4 36.bxc6 bxc6
37.g3 Qe4 38.Ng2 Re3 39.Nxe3 dxe3 40.Rf4 Qd5 41.Qe2 Qxc5 42.Re4 Qd5 43.Rxe3 c5
44.h4 c4 45.Re8+ Kg7 46.Qb2+ Kh6 47.Qc1+ Kg7 48.Qc3+ Kh6 49.Qe3+ Kg7 50.Re7 Kf6
51.Re8 h5 52.Qf4+ Kg7 53.Rc8 Qd3 54.Qxc4 Qd2+ 55.Kg1 Qe3+ 56.Kg2 Qd2+ 57.Kf1 Qd1+
58.Kf2 Qd2+ 59.Qe2 Qd7 60.Qc2 Kh7 61.Qc3 Qa7+ 62.Kg2 Qa2+ 63.Qc2 Qd5+ 64.Kh2 Kg7
65.Rc5 Qe6 66.Rc6 Qg4 67.Qf2 Kg8 68.Rf6 Ne5 69.Rf8+ Kh7 70.Qa7+ Nd7 71.Rf7+ Kg8
72.Qxd7 Qe2+ 73.Kh3 Qg4+ 74.Kg2 Qe2+ 75.Rf2  1-0

[Event "9th Open"]
[Site "Istanbul TUR"]
[Date "2010.08.27"]
[Round "8"]
[White "Gasanov,E"]
[Black "Gvetadze,Sopi"]
[Result "1-0"]
[WhiteElo "2482"]
[BlackElo "2355"]

1.d4 d5 2.c4 c6 3.Nf3 Nf6 4.Nc3 a6 5.a4 e6 6.g3 Bb4 7.Bg2 Nbd7 8.O-O O-O
9.Qb3 Qe7 10.c5 Bxc3 11.Qxc3 Ne4 12.Qc2 e5 13.b4 a5 14.b5 f6 15.e3 Re8 16.Bb2 exd4
17.exd4 Qf7 18.Rfe1 Nf8 19.Re2 Bd7 20.Qd3 Re7 21.Rae1 Rae8 22.b6 Qh5 23.Re3 Ng6
24.Nd2 Ng5 25.Rxe7 Rxe7 26.Rxe7 Nxe7 27.f3 Bh3 28.Bh1 Kf7 29.Nb3 Bf5 30.Qe2 Nh3+
31.Kf1 Qg6 32.Ke1 Bc2 33.Nxa5 Bxa4 34.Qd2 Qb1+ 35.Qc1 Qd3 36.Bg2 Qa6 37.Nxb7 Qxb7
38.Bxh3 f5 39.Qa1 Bb5 40.Bc1 Nc8 41.Kf2 g6 42.Bf4 Qa6 43.Qxa6 Bxa6 44.Bf1 Bb7
45.h4 Ne7 46.g4 Ke6 47.Bg5 fxg4 48.fxg4 Ng8 49.Bd3 h6 50.Bf4 Kf7 51.Kf3 Kg7
52.g5 hxg5 53.Bxg5 Nf6 54.Kf4 Nd7 55.Bf1 Kf7 56.Bh3 Ke8 57.Bh6 Ba6 58.Bg7 Bc8
59.Kg5 Nxb6 60.cxb6 Bxh3 61.b7  1-0

[Event "BDO Challengers"]
[Site "Haarlem NED"]
[Date "2010.08.28"]
[Round "8"]
[White "Turova,I"]
[Black "Manea,Al"]
[Result "1/2-1/2"]
[WhiteElo "2394"]
[BlackElo "2390"]

1.d4 d5 2.c4 c6 3.Nc3 Nf6 4.Nf3 a6 5.c5 Nbd7 6.Bf4 g6 7.h3 Bg7 8.e3 O-O 9.Be2 b6
10.cxb6 Qxb6 11.Qc2 c5 12.O-O cxd4 13.exd4 Bb7 14.Na4 Qa7 15.Rac1 Nh5 16.Be3 Rfc8
17.Qb3 Bc6 18.Nc5 a5 19.Nxd7 Qxd7 20.Ne5 Bxe5 21.dxe5 Ng7 22.Bg4 e6 23.Bh6  1/2-1/2

[Event "25th Open"]
[Site "Schwarzach AUT"]
[Date "2010.08.28"]
[Round "8"]
[White "Kunin,V"]
[Black "Grimberg,B"]
[Result "1-0"]
[WhiteElo "2534"]
[BlackElo "2355"]

1.d4 d5 2.c4 c6 3.Nf3 Nf6 4.Nc3 a6 5.a4 e6 6.Bg5 Nbd7 7.e3 Be7 8.Bd3 O-O
9.O-O Re8 10.Qc2 h6 11.Bh4 c5 12.cxd5 Nxd5 13.Bxe7 Qxe7 14.Nxd5 exd5 15.b3 b6
16.Rfc1 Bb7 17.Bh7+ Kh8 18.Bf5 Rac8 19.Qb2 cxd4 20.Qxd4 Rxc1+ 21.Rxc1 Nc5
22.Bb1 a5 23.b4 Ne4 24.bxa5 bxa5 25.Bd3 Qd6 26.h3 Kg8 27.Bxe4 Rxe4 28.Qa7 Qd7
29.Nd4  1-0

[Event "9th Georgiev-Kesarovski Mem"]
[Site "Sunny Beach BUL"]
[Date "2010.08.28"]
[Round "1"]
[White "Nikolov,Sas"]
[Black "Draganova,P"]
[Result "1-0"]
[WhiteElo "2409"]
[BlackElo "2010"]

1.d4 d5 2.c4 c6 3.Nf3 Nf6 4.Nc3 a6 5.c5 Bf5 6.Bf4 Nbd7 7.e3 e6 8.Be2 Be7
9.h3 Ne4 10.O-O g5 11.Bh2 h5 12.Ne5 Nxe5 13.Bxe5 Bf6 14.Bh2 g4 15.Nxe4 Bxe4
16.hxg4 hxg4 17.Bxg4 Bg7 18.Bh3 Qf6 19.f3 Bf5 20.Bxf5 Qxf5 21.Qb3 O-O-O 22.Bg3 e5
23.Rad1 Rdg8 24.Rf2 Bf6 25.Bxe5 Bxe5 26.dxe5 Qxe5 27.Qc3 Qg3 28.Qf6 Rh1+
29.Kxh1 Qxf2 30.Rg1 Qxe3 31.g4 Kb8 32.Kg2 Qxc5 33.Re1 d4 34.Qxf7 Rf8 35.Qe7 Qxe7
36.Rxe7 c5 37.g5 Rf5 38.Rg7 d3 39.Kf2 Kc8 40.g6 d2 41.Ke2 d1=Q+ 42.Kxd1 Rxf3
43.Rf7  1-0

[Event "1st Campomanes Memorial Cup Open"]
[Site "Manila PHI"]
[Date "2010.08.29"]
[Round "2"]
[White "Gagunashvili,M"]
[Black "Irwanto,S"]
[Result "1-0"]
[WhiteElo "2596"]
[BlackElo "2419"]

1.d4 d5 2.c4 c6 3.Nf3 Nf6 4.Nc3 a6 5.h3 dxc4 6.a4 e6 7.e4 Bb4 8.Qc2 c5 9.dxc5 Nc6
10.Bxc4 Qa5 11.O-O Nd7 12.Bf4 Bxc5 13.Rad1 Be7 14.Rfe1 Nde5 15.Nxe5 Nxe5
16.Nd5 exd5 17.exd5 f6 18.Bxe5 fxe5 19.Rxe5 Kd8 20.Rxe7 Kxe7 21.d6+ Kf6 22.d7 Rd8
23.Rd6+ Ke7 24.Re6+ Kxd7 25.Qd3+  1-0

[Event "1st Campomanes Memorial Cup Open"]
[Site "Manila PHI"]
[Date "2010.08.29"]
[Round "2"]
[White "Lou Yiping"]
[Black "Gatus,E"]
[Result "1-0"]
[WhiteElo "2425"]
[BlackElo "2265"]

1.d4 d5 2.c4 c6 3.Nc3 Nf6 4.Nf3 a6 5.e3 b5 6.c5 Bg4 7.Qb3 Nbd7 8.a4 e5 9.Qa3 exd4
10.exd4 Bxf3 11.gxf3 Nb6 12.Qa2 Nxa4 13.Nxa4 bxa4 14.Qxa4 Qd7 15.Bh3 Qb7
16.Ra3 Nd7 17.Bf4 Be7 18.Rb3 Qc8 19.Re3 Kf8 20.O-O g5 21.Rxe7 Kxe7 22.Bd6+ Kf6
23.Qc2 Kg7 24.Qf5 f6 25.Qxd7+ Qxd7 26.Bxd7 a5 27.Bxc6 Ra6 28.Bxd5 a4 29.Bb7 Ra5
30.c6 Rb5 31.Ba3 Kf7 32.Re1  1-0

[Event "9th Georgiev-Kesarovski Mem"]
[Site "Sunny Beach BUL"]
[Date "2010.08.29"]
[Round "2"]
[White "Raeva,E"]
[Black "Nikolov,J"]
[Result "1/2-1/2"]
[WhiteElo "2286"]
[BlackElo "2097"]

1.d4 d5 2.c4 c6 3.Nc3 Nf6 4.Nf3 a6 5.c5 Nbd7 6.Bf4 Nh5 7.Bg5 h6 8.Bh4 g5
9.Bg3 Nxg3 10.hxg3 Bg7 11.e3 e5 12.Qa4 exd4 13.exd4 Qe7+ 14.Be2 O-O 15.O-O-O g4
16.Nh4 Nxc5 17.dxc5 Bxc3 18.Bxg4 Bg7 19.Bxc8 Qxc5+ 20.Kb1 Qxf2 21.Qb3 Raxc8
22.Rdf1 Qe2 23.Nf5 Rc7 24.Rf4 Re8 25.Rfh4 Re6 26.Nxg7 Kxg7 27.Qc3+ Qe5 28.Rg4+ Kf8
29.Qc2 Rg6 30.Rxg6 fxg6 31.Qxg6 Qe4+ 32.Qxe4 dxe4 33.Rxh6 Rg7 34.Rf6+ Kg8
35.Re6 Rxg3 36.Rxe4 Rxg2 37.Re8+ Kh7 38.Kc1 Rg7 39.Re6 Kg8 40.Kc2 Kf7 41.Re3  1/2-1/2

[Event "9th Georgiev-Kesarovski Mem"]
[Site "Sunny Beach BUL"]
[Date "2010.08.29"]
[Round "2"]
[White "Mitkov,M"]
[Black "Popov,Geo"]
[Result "1-0"]
[WhiteElo "2398"]
[BlackElo "2202"]

1.d4 d5 2.c4 c6 3.Nf3 Nf6 4.Nc3 a6 5.cxd5 cxd5 6.Bf4 Nc6 7.Rc1 e6 8.e3 Bd6
9.Bxd6 Qxd6 10.Bd3 O-O 11.O-O e5 12.dxe5 Nxe5 13.Be2 Be6 14.Qd4 Nc6 15.Qh4 Qb4
16.Qxb4 Nxb4 17.Nd4 Rac8 18.a3 Nc6 19.Nxc6 Rxc6 20.Bf3 Rd8 21.Rfd1 Rcd6 22.Rd4 Kf8
23.Rcd1 Ke7 24.g4 h6 25.h3 g6 26.Bg2 R8d7 27.f4 Rd8 28.Kf2 b5 29.Kg3 R6d7
30.Bf3 Rd6 31.R1d2 R6d7 32.h4 Rd6 33.g5 hxg5 34.hxg5 Nh5+ 35.Kf2 Ng7 36.Nxd5+ Kf8
37.Nc7 Rxd4 38.Rxd4 Rxd4 39.exd4 Bc8 40.Nd5 a5 41.Nc3 Bd7 42.b4 axb4 43.axb4 Nf5
44.Bg4 Ke7 45.Bxf5 gxf5 46.Ke3 Kd6 47.d5 Be8 48.Kd4 Bd7 49.Kd3 Be8 50.Ke3 Bd7
51.Kd4 Be8 52.Ne2 Bd7 53.Ng3 Bc8 54.Nh5 Bb7 55.Nf6 Bc8 56.Ng8 Bb7 57.Nh6 Bxd5
58.Nxf5+ Ke6 59.Ng7+ Kd6 60.Ne8+ Kc6 61.Ke5 Bc4 62.Nd6 Ba2 63.f5 Bb3 64.Ne4 Ba2
65.g6 fxg6 66.f6  1-0